[Event "5th IECC Playoff Bronze"]
[Site "Antalya TUR"]
[Date "2004.05.30"]
[Round "1"]
[White "Istratescu,A"]
[Black "Navara,D"]
[Result "1/2-1/2"]
[WhiteElo "2587"]
[BlackElo "2602"]

1.d4 Nf6 2.c4 e6 3.Nf3 b6 4.a3 Bb7 5.Nc3 d5 6.Bg5 Be7 7.cxd5 exd5 8.g3 Nbd7
9.Bg2 O-O 10.O-O Re8 11.b4 h6 12.Bxf6 Bxf6 13.Rc1 Rc8 14.Qb3 Nf8 15.e3 Ne6
16.Rfd1 c6 17.a4 Rc7 18.a5 Qe7 19.b5 c5 20.a6 Ba8 21.Nxd5 Bxd5 22.Qxd5 Rd8
23.Qe4 cxd4 24.Rxc7 Nxc7 25.Qxe7 Bxe7 26.Rxd4 Nxb5 27.Rxd8+ Bxd8 28.Ne5 Bf6
29.Nc6 Nc7 30.Bf1 b5 31.Nxa7 Nxa6 32.Nxb5 Nc5 33.Bc4 Be7 34.Kg2 g6 35.f4 Kg7
36.Kf3 f5 37.g4 fxg4+ 38.Kxg4 g5 39.Nd4 gxf4 40.exf4 Kf6 41.Ne2 Bd6 42.Ng3 Bc7
43.h4 Bd8 44.Ba2 Nd7 45.Bb1 Kf7 46.h5 Nf6+ 47.Kf3 Bc7 48.Bg6+ Ke6 49.Bc2 Kf7
50.Bd3 Kf8 51.Bg6 Nd5 52.Nf5 Nxf4 53.Nxh6 Nxg6 54.Ke4  1/2-1/2

[Event "XII Guillermo Garcia Prem I"]
[Site "Santa Clara CUB"]
[Date "2004.05.30"]
[Round "10"]
[White "Otero,D"]
[Black "Quezada,Y"]
[Result "0-1"]
[WhiteElo "2399"]
[BlackElo "2478"]

1.d4 Nf6 2.c4 e6 3.Nf3 b6 4.a3 Bb7 5.Nc3 d5 6.cxd5 Nxd5 7.Qc2 Be7 8.e4 Nxc3
9.bxc3 O-O 10.Bd3 c5 11.Be3 Qc8 12.e5 cxd4 13.Bxh7+ Kh8 14.Bxd4 g6 15.Bxg6 fxg6
16.Qxg6 Rf5 17.Qh6+ Kg8 18.h4 Qf8 19.Qxe6+ Qf7 20.Qh6 Rh5 21.Qe3 Nc6 22.Rh3 Nd8
23.Rg3+ Kf8 24.e6 Qxe6 25.Ne5 Bf6 26.Rg6 Rxe5 27.Rxf6+ Qxf6 28.Bxe5 Qxh4
29.O-O-O Nf7 30.Rd7 Bxg2 31.Qg3 Qxg3 32.Bxg3 a6 33.c4 Re8 34.Ra7 a5 35.Ra6 Rc8
36.Rxb6 Rxc4+ 37.Kb2 Bc6 38.Ra6 a4 39.Ra7 Kg7 40.Re7 Rc5 41.Re3 Kf6 42.Rc3 Rb5+
43.Kc1 Bd5 44.Re3 Bc4 45.Rc3 Bd5 46.Re3 Kf5 47.Re7 Bb3 48.Rc7 Ng5 49.Bd6 Ne4
50.Bb4 Nxf2 51.Kd2 Rd5+ 52.Ke2 Nd3 53.Bd2 Nf4+ 54.Bxf4 Kxf4 55.Rc3 Rd4 56.Rh3 Bd1+
57.Ke1 Bf3 58.Rh4+ Bg4  0-1

[Event "TCh-BIH"]
[Site "Neum BIH"]
[Date "2004.05.31"]
[Round "3"]
[White "Lekic,D"]
[Black "Markus,R"]
[Result "1/2-1/2"]
[WhiteElo "2389"]
[BlackElo "2532"]

1.d4 Nf6 2.c4 e6 3.Nf3 b6 4.a3 Ba6 5.Qc2 Bb7 6.Nc3 c5 7.e4 cxd4 8.Nxd4 d6
9.Qe2 Be7 10.g4 h6 11.Bg2 a6 12.h4 g6 13.f4 Nfd7 14.g5 hxg5 15.hxg5 Rxh1+
16.Bxh1 Nc6 17.Nxc6 Bxc6 18.Be3 e5 19.Qh2 Qc7 20.f5 b5 21.f6 Bf8 22.Qe2 Qb7
23.Bf3 bxc4 24.Qxc4 Rc8 25.Qe2 d5 26.exd5 Bb5 27.Qh2 Bd3 28.Rd1 Bf5 29.Qe2 Bxa3
30.bxa3 Rxc3 31.Rc1 Rxa3 32.Bd2 Rb3 33.Qc4 Nb8 34.Bd1 Rb5 35.Ba4 Qb6 36.Qc5 Qxc5
37.Rxc5 Bd7 38.Bxb5 axb5 39.d6 Nc6 40.Rxb5 Bc8 41.Bc3 e4 42.Kf2 Kd7 43.Ke3  1/2-1/2

[Event "TCh-BIH"]
[Site "Neum BIH"]
[Date "2004.06.01"]
[Round "4"]
[White "Lekic,D"]
[Black "Bilobrk,F"]
[Result "1/2-1/2"]
[WhiteElo "2389"]
[BlackElo "2338"]

1.d4 Nf6 2.c4 e6 3.Nf3 b6 4.a3 Ba6 5.Qc2 Bb7 6.Nc3 c5 7.e4 cxd4 8.Nxd4 Bc5
9.Nb3 Nc6 10.Bd3 Ng4 11.Nxc5 bxc5 12.f3 Nd4 13.Qd1 Ne5 14.Be3 Qh4+ 15.Bf2  1/2-1/2

[Event "XII Guillermo Garcia Prem I"]
[Site "Santa Clara CUB"]
[Date "2004.06.02"]
[Round "12"]
[White "Almeida,O"]
[Black "Quezada,Y"]
[Result "0-1"]
[WhiteElo "2426"]
[BlackElo "2478"]

1.d4 Nf6 2.c4 e6 3.Nf3 b6 4.a3 Bb7 5.Nc3 d5 6.Bg5 Be7 7.Bxf6 Bxf6 8.cxd5 exd5
9.Qa4+ c6 10.g3 O-O 11.Bg2 Qe7 12.O-O Na6 13.Rfd1 Rfd8 14.Rac1 c5 15.e3 Nc7
16.Rd2 c4 17.Qd1 b5 18.h4 a5 19.Nh2 g6 20.Ne2 b4 21.Ng4 Bg7 22.Ne5 Ne6 23.axb4 axb4
24.e4 Bxe5 25.dxe5 dxe4 26.Rxc4 e3 27.fxe3 Bxg2 28.Kxg2 Qb7+ 29.Kh2 Qf3 30.Nd4 Qxe3
31.Rd3 Qe4 32.Rxb4 Rd5 33.Nxe6 Rxd3 34.Rxe4 Rxd1 35.Nf4 Rd2+ 36.Kh3 Rxb2
37.h5 Kg7 38.Kg4 Rb3 39.hxg6 hxg6 40.Ne2 Raa3 41.Kf4 Rf3+ 42.Kg4 Rae3 43.Rf4 Rxf4+
44.Nxf4 Rxe5 45.Kf3 Ra5  0-1

[Event "TCh-BIH"]
[Site "Neum BIH"]
[Date "2004.06.03"]
[Round "6"]
[White "Cvitan,O"]
[Black "Perunovic,Mil"]
[Result "1-0"]
[WhiteElo "2524"]
[BlackElo "2557"]

1.d4 Nf6 2.Nf3 e6 3.c4 b6 4.a3 Ba6 5.Qc2 Bb7 6.Nc3 c5 7.e4 cxd4 8.Nxd4 Bc5
9.Nb3 Nc6 10.Bd3 h6 11.Nxc5 bxc5 12.O-O O-O 13.Re1 d6 14.Qd1 e5 15.Rb1 a5
16.b3 Rb8 17.Re3 Nd4 18.Bd2 Bc6 19.a4 Re8 20.Nb5 Ra8 21.h3 Kh8 22.Rb2 Re6
23.Bc1 Qd7 24.Nc3 Nh7 25.Rg3 Nf8 26.Nd5 Qd8 27.f4 exf4 28.Nxf4 Re5 29.Rf2 Bxe4
30.Bb2 Ra7 31.Bxd4 cxd4 32.Bxe4 Rxe4 33.Qg4 Qg5 34.Qxg5 hxg5 35.Rxg5 Re5
36.Rg4 Re3 37.Rd2 Rxb3 38.Rxd4 Rd7 39.Rd5 Ne6 40.Rxa5 Rd8 41.Nxe6 fxe6 42.Ra7 Rb4
43.a5 d5 44.Rgxg7 dxc4 45.a6 Ra4 46.Rh7+ Kg8 47.Rag7+ Kf8 48.a7 c3 49.Rb7 Kg8
50.Rhc7  1-0

[Event "TCh-BIH"]
[Site "Neum BIH"]
[Date "2004.06.06"]
[Round "9"]
[White "Atalik,S"]
[Black "Savic,Miod1"]
[Result "1/2-1/2"]
[WhiteElo "2554"]
[BlackElo "2529"]

1.d4 Nf6 2.c4 e6 3.Nf3 b6 4.a3 Bb7 5.Nc3 d5 6.cxd5 exd5 7.g3 a6 8.Bg2 Bd6
9.Nh4 g6 10.Bg5 Be7 11.Qa4+ c6 12.Nf3 O-O 13.Ne5 Nfd7 14.Bxe7 Qxe7 15.Nxd7 Nxd7
16.O-O Nf6 17.Qb3 Qd8 18.Na4 Nd7 19.Bh3 f5 20.e4 b5 21.exd5 cxd5 22.Nc5 Nxc5
23.dxc5 Qf6 24.Bg2 Rad8 25.Rad1 Kg7 26.Rfe1 f4 27.gxf4 Rf7 28.Rd3 d4 29.Bxb7 Rxb7
30.Re4 Re7 31.Rxe7+ Qxe7 32.Qb4 Qe4 33.Qd2 h5 34.f3 Qd5 35.b4 Kh7 36.h4 Qc4
37.Kg2 Qd5 38.Kg3 Rd7 39.Qe2 Qc4 40.Qe8 Qxd3 41.Qxd7+ Kh6 42.Qd8 Kh7 43.Qe7+ Kh6
44.Qf6 Kh7 45.f5 gxf5 46.c6 f4+ 47.Qxf4 Qg6+ 48.Qg5 Qd6+ 49.Kg2 d3 50.Qxh5+ Kg7
51.Qg4+ Kh6 52.Qd7 Qg6+ 53.Kh3 Qf6 54.Qxd3 Qe6+ 55.Kg3 Qxc6 56.Qf5 Qc3 57.h5 Qe1+
58.Kf4 Qc1+ 59.Ke5 Qc7+ 60.Kd5 Qb7+ 61.Kd4 Qb6+ 62.Qc5 Qf6+ 63.Qe5 Qb6+ 64.Kd3 Qd8+
65.Qd4 Qf8 66.Qd5 Qf6 67.Ke4 Qe7+ 68.Kd4 Qa7+ 69.Kd3 Qh7+ 70.Kd2 Qb1 71.Qe6+ Kxh5
72.Qxa6 Qb2+ 73.Ke3 Qe5+ 74.Kd3 Qd5+ 75.Ke2 Qe5+ 76.Kf1 Qd5 77.Qa7 Qxf3+
78.Ke1 Qc3+ 79.Ke2 Qc4+ 80.Ke3 Qe6+ 81.Kd3 Qc4+ 82.Kd2 Qd5+ 83.Ke2 Qc4+ 84.Kf3 Qg4+
85.Kf2 Qf4+ 86.Ke2 Qc4+ 87.Ke3 Qe6+ 88.Kf4 Qf6+ 89.Ke4 Qe6+ 90.Kd4 Qd6+ 91.Kc3 Qg3+  1/2-1/2

[Event "Summer IV"]
[Site "Alushta UKR"]
[Date "2004.06.19"]
[Round "3"]
[White "Farakhov,R"]
[Black "Tishin,D"]
[Result "1/2-1/2"]
[WhiteElo "2371"]
[BlackElo "2372"]

1.d4 Nf6 2.c4 e6 3.Nf3 b6 4.a3 Bb7 5.Nc3 d5 6.cxd5 exd5 7.Bg5 Be7 8.Bxf6 Bxf6
9.Qb3 O-O 10.Rd1 c6 11.g3 Nd7 12.Bg2 Re8 13.O-O Nf8 14.Rfe1 Ne6 15.e3 c5
16.dxc5 Nxc5 17.Qc2 Rc8 18.Ne2 Qd7 19.Qb1 Qa4 20.Nfd4 Ne4 21.Nf4 g6 22.Qa2 Red8
23.Qb1 a5 24.Nxd5 Bxd5 25.Bxe4 Bb3 26.Nxb3 Qxb3 27.Rd3 Rxd3 28.Qxd3 Qxb2
29.Rb1 Rc1+  1/2-1/2

[Event "XVIII Open"]
[Site "Pula CRO"]
[Date "2004.06.23"]
[Round "6"]
[White "Jovanic,O"]
[Black "Franic,M"]
[Result "1-0"]
[WhiteElo "2435"]
[BlackElo "2415"]

1.d4 Nf6 2.Nf3 e6 3.c4 b6 4.a3 Ba6 5.Qb3 Bb7 6.Nc3 Be7 7.g3 Bxf3 8.exf3 d5
9.Bg2 c6 10.f4 g6 11.O-O O-O 12.Bd2 Nbd7 13.Rac1 Ne8 14.cxd5 cxd5 15.Rfd1 Ng7
16.Be3 Nf5 17.Bf1 a6 18.a4 Nf6 19.Rc2 Qd6 20.Rdc1 Rfb8 21.Na2 b5 22.axb5 axb5
23.Nc3 Qd8 24.Nb1 Ne4 25.Qd3 Bf6 26.Nd2 Nxd2 27.Qxd2 Kg7 28.g4 Nd6 29.g5 Be7
30.Bd3 Rc8 31.h4 Rxc2 32.Qxc2 Rc8 33.Qe2 b4 34.Rc5 Nf5 35.Rxc8 Qxc8 36.h5 Bd6
37.h6+ Kf8 38.Bxf5 gxf5 39.Qb5 Ke7 40.Kg2 f6 41.Kf3 Kf7 42.b3 Qb8 43.Qc6 Qc7
44.Qa8 Qb8 45.Qc6 fxg5 46.fxg5 Qd8  1-0

[Event "2nd Infineon FM"]
[Site "Budapest HUN"]
[Date "2004.06.25"]
[Round "1"]
[White "Winkelmann,E"]
[Black "Jonas,D"]
[Result "1-0"]
[WhiteElo "1920"]
[BlackElo "1961"]

1.d4 Nf6 2.c4 e6 3.Nf3 b6 4.a3 Bb7 5.Nc3 d5 6.cxd5 Nxd5 7.e3 a6 8.Bd3 Be7
9.Bd2 O-O 10.Rc1 Nd7 11.Nxd5 exd5 12.Qc2 h6 13.Qxc7 Rb8 14.Bf5 Nf6 15.O-O Qxc7
16.Rxc7 Bd6 17.Rc2 g6 18.Bd3 Rfc8 19.Bc3 Nd7 20.Nd2 Nf6 21.f3 Re8 22.Re1 Rbc8
23.g3 Rc7 24.Kf2 Kg7 25.e4 dxe4 26.Nxe4 Nxe4+ 27.Bxe4 Rce7 28.Bxb7 Rxe1 29.Bxe1  1-0

[Event "2nd Infineon IM"]
[Site "Budapest HUN"]
[Date "2004.06.29"]
[Round "5"]
[White "Alfred,N"]
[Black "Petran,Pa"]
[Result "0-1"]
[WhiteElo "2356"]
[BlackElo "2386"]

1.d4 Nf6 2.Nf3 e6 3.c4 b6 4.a3 Ba6 5.Qc2 Bb7 6.Nc3 c5 7.e4 cxd4 8.Nxd4 Bc5
9.Nb3 Nc6 10.Bg5 h6 11.Bh4 Nd4 12.Nxd4 Bxd4 13.Bd3 Qb8 14.Bg3 Be5 15.O-O-O O-O
16.Qd2 d6 17.Rhe1 Rc8 18.Kb1 a6 19.Rc1 Bc6 20.f4 Bxc3 21.Rxc3 Qb7 22.Qe2 d5
23.cxd5 exd5 24.e5 Ne4 25.Bxe4 dxe4 26.Bh4 Bb5 27.Rxc8+ Rxc8 28.Qg4 Bd3+
29.Ka1 Rc2 30.Bf6 g6 31.f5 Qc8 32.Qf4 g5 33.Bxg5 hxg5 34.Qxg5+ Kf8 35.e6 Qc7
36.exf7 Qxf7 37.Qh6+ Kg8 38.Qg5+ Kh7 39.Qh4+ Kg8 40.Qg5+ Qg7 41.Qd8+ Qf8
42.Qg5+ Kf7 43.Qg6+ Ke7 44.f6+ Kd7 45.f7 Qh8 46.Qxb6 Rc8 47.Qb7+ Ke6 48.Qb3+ Kf6
49.g4 Kg7 50.g5 Qh4 51.Rh1 Qf4 52.f8=Q+ Kxf8 53.Qb4+ Kg8 54.Qb3+ Kg7 55.Qd1 Rc2
56.h4 Qe5 57.Qb1 Rc3 58.Qa2 Bc4 59.bxc3 Bxa2 60.Kxa2 Qxc3  0-1

[Event "2nd Infineon IM"]
[Site "Budapest HUN"]
[Date "2004.07.01"]
[Round "7"]
[White "Juhasz,B"]
[Black "Petran,Pa"]
[Result "1/2-1/2"]
[WhiteElo "2211"]
[BlackElo "2386"]

1.d4 Nf6 2.c4 e6 3.Nf3 b6 4.a3 Ba6 5.Qc2 c5 6.d5 exd5 7.cxd5 g6 8.Nc3 Bg7
9.g3 d6 10.Bg2 O-O 11.O-O Re8 12.h3 b5 13.Re1 Qc8 14.e4 b4 15.Na4 b3 16.Qb1 Bc4
17.Nc3 Qa6 18.Bf1 Bxf1 19.Rxf1 Nbd7 20.Re1 Rab8 21.Be3 Nb6 22.Nd2 Nfd7 23.Qd1 Ne5
24.Qe2 Qxe2 25.Rxe2 Nbc4 26.Nxc4 Nxc4  1/2-1/2

[Event "TCh-GRE"]
[Site "Aghia Pelagia GRE"]
[Date "2004.07.04"]
[Round "1"]
[White "Kazilaris,N"]
[Black "Hellsten,J"]
[Result "0-1"]
[WhiteElo "2273"]
[BlackElo "2557"]

1.Nf3 Nf6 2.d4 e6 3.c4 b6 4.a3 Ba6 5.Qc2 Bb7 6.Nc3 c5 7.Bf4 a6 8.e4 cxd4
9.Nxd4 d6 10.Nb3 Be7 11.Be2 Qc7 12.Rc1 Nbd7 13.O-O Rc8 14.Nd2 Qb8 15.Qb1 O-O
16.Rfd1 Rfd8 17.h3 Qa8 18.Be3 Nc5 19.Bf3 Re8 20.b4 Ncd7 21.Re1 h6 22.Be2 Bf8
23.Bd4 Qb8 24.Qd3 Ba8 25.Qg3 g6 26.f4 Bg7 27.Bf2 Bc6 28.a4 a5 29.b5 Ba8 30.Qe3 Nc5
31.Bf3 Rcd8 32.Bh4 d5 33.Bxf6 Bxf6 34.Be2 d4 35.Qg3  0-1

[Event "3rd Open"]
[Site "La Fere FRA"]
[Date "2004.07.04"]
[Round "2"]
[White "Visser,HJ"]
[Black "Dumitrache,D"]
[Result "0-1"]
[WhiteElo "2243"]
[BlackElo "2470"]

1.d4 Nf6 2.c4 e6 3.Nf3 b6 4.a3 Bb7 5.Nc3 d5 6.cxd5 Nxd5 7.Qc2 Be7 8.e4 Nxc3
9.bxc3 O-O 10.Bd3 c5 11.O-O Qc8 12.Qe2 Ba6 13.Rd1 Bxd3 14.Rxd3 Nd7 15.e5 Qc6
16.Bg5 Rae8 17.Rad1 f6 18.exf6 Bxf6 19.Bxf6 Nxf6 20.Ne5 Qd6 21.c4 cxd4 22.Rxd4 Qxa3
23.g4 Qh3 24.f4 Qh4 25.Kh1 Kh8 26.Rg1 Ng8 27.Qd2 Nh6 28.Rd7 Rd8 29.g5 Rxd7
30.Nxd7 Rxf4 31.gxh6 Rf2 32.hxg7+ Kg8 33.Nf6+ Qxf6 34.Qe3 Qf3+ 35.Qxf3 Rxf3
36.Re1 Rf6  0-1

[Event "FSGM July"]
[Site "Budapest HUN"]
[Date "2004.07.06"]
[Round "4"]
[White "Reiss,T"]
[Black "Nguyen Ngoc Truongson"]
[Result "0-1"]
[WhiteElo "2408"]
[BlackElo "2431"]

1.d4 Nf6 2.c4 e6 3.Nf3 b6 4.a3 c5 5.d5 Ba6 6.Qc2 exd5 7.cxd5 g6 8.Nc3 Bg7
9.g3 O-O 10.Bg2 d6 11.O-O Re8 12.Re1 Nbd7 13.h3 b5 14.Bf4 Qb6 15.e4 Rac8
16.Be3 Qb7 17.Bf1 Nb8 18.Bf4 b4 19.Nd1 Bxf1 20.Kxf1 b3 21.Qb1 c4 22.Kg2 Na6
23.Nc3 Nc5 24.Bxd6 Nd3 25.Bf4 Nxe1+ 26.Nxe1 Nxe4 27.Nxe4 Qxd5 28.f3 f5 29.Nc3 Bxc3
30.bxc3 Re2+ 31.Kf1 Rce8  0-1

[Event "ch-NOR"]
[Site "Molde NOR"]
[Date "2004.07.10"]
[Round "9"]
[White "Nordahl,H"]
[Black "Agdestein,S"]
[Result "1/2-1/2"]
[WhiteElo "2359"]
[BlackElo "2595"]

1.d4 Nf6 2.c4 e6 3.Nf3 b6 4.a3 Ba6 5.Qc2 Bb7 6.Nc3 c5 7.e4 cxd4 8.Nxd4 Bc5
9.Nb3 Nc6 10.Nxc5 bxc5 11.Be3 d6 12.Rd1 Qe7 13.Be2 O-O 14.O-O Rfd8 15.Rd2 Rab8
16.Rfd1 a6 17.f3 h6 18.Qa4 e5 19.Nd5 Nxd5 20.cxd5 Nd4 21.b4 f5 22.bxc5 dxc5
23.Bc4 Kh8 24.Bxd4 cxd4 25.Re2 fxe4 26.Rxe4 Bxd5 27.Bxd5 Rxd5 28.Qxa6 d3
29.Qc4 Qd7 30.Qc3 d2 31.Rxe5 Qa4 32.Rxd2 Rb1+ 33.Kf2 Qh4+ 34.g3 Qxh2+ 35.Ke3 Rb3
36.Rxh2 Rxc3+ 37.Ke4 Rdd3 38.Rf2 Rxa3 39.Kf4 Kh7 40.g4 Rdb3 41.Kg3 Ra7 42.Rfe2 Rf7
43.Rd2 Rb1 44.Kh4 Kh8  1/2-1/2

[Event "HUN-POL Women's Match"]
[Site "Szeged HUN"]
[Date "2004.07.10"]
[Round "5"]
[White "Radziewicz,I"]
[Black "Lakos,N"]
[Result "0-1"]
[WhiteElo "2431"]
[BlackElo "2350"]

1.d4 Nf6 2.Nf3 e6 3.c4 b6 4.a3 Bb7 5.Nc3 Ne4 6.Nxe4 Bxe4 7.e3 Be7 8.Be2 O-O
9.O-O d6 10.Ne1 Nd7 11.f3 Bg6 12.d5 c5 13.Nd3 exd5 14.cxd5 Bxd3 15.Bxd3 Bf6
16.f4 Rc8 17.Bc4 g6 18.Qf3 Qe7 19.a4 Bg7 20.a5 Rb8 21.axb6 axb6 22.Bb5 Ra8
23.Rxa8 Rxa8 24.e4 Bd4+ 25.Kh1 Ra1 26.f5 Ne5 27.f6 Qf8 28.Qh3 h5 29.b3 Ng4
30.Qf3 Rxc1 31.Rxc1 Nf2+ 32.Kg1 Nd3+ 33.Kf1 Nxc1 34.b4 Na2 35.bxc5 bxc5 36.g4 hxg4
37.Qxg4 Qd8 38.Be2 Qxf6+ 39.Bf3 Nc1  0-1

[Event "ITT Copa CMSalud"]
[Site "Vicente Lopez ARG"]
[Date "2004.07.19"]
[Round "10"]
[White "Recoulat,E"]
[Black "Valiente,C"]
[Result "0-1"]
[WhiteElo "2301"]
[BlackElo "2323"]

1.d4 e6 2.c4 Nf6 3.Nf3 b6 4.a3 Ba6 5.Qc2 c5 6.d5 exd5 7.cxd5 Bb7 8.e4 Qe7
9.Bd3 Nxd5 10.O-O Nc7 11.Nc3 Nc6 12.b3 O-O-O 13.Bb2 f6 14.Rfe1 Ne5 15.Nxe5 fxe5
16.Nd5 Qd6 17.Ne3 Re8 18.b4 Kb8 19.bxc5 Qxc5 20.Qd2 Qe7 21.a4 a5 22.Reb1 Qf6
23.Ba3 Re6 24.Rb2 Bxa3 25.Rxa3 Rd8 26.Bc4 Rd6 27.Bd5 Nxd5 28.exd5 Rc8 29.Rab3 Rc5
30.Rb5 Rxb5 31.Rxb5 Qf4 32.Qc2 Rf6 33.h3 h5 34.Rb1 Ka7 35.Rf1 e4 36.Rc1 Qe5
37.Qb3 g5 38.Qd1 Rh6 39.Rb1 Ba6 40.Qd2 Rh8 41.Rc1 g4  0-1

[Event "ACT Open"]
[Site "Amsterdam NED"]
[Date "2004.07.20"]
[Round "4"]
[White "Strating,S"]
[Black "Solleveld,Maa"]
[Result "0-1"]
[WhiteElo "2307"]
[BlackElo "2486"]

1.d4 Nf6 2.c4 e6 3.Nf3 b6 4.a3 Ba6 5.e3 c5 6.Be2 Be7 7.O-O O-O 8.Nc3 d5 9.cxd5 exd5
10.dxc5 bxc5 11.Bxa6 Nxa6 12.Qd3 Nc7 13.Rd1 Qc8 14.Qc2 Rd8 15.Bd2 Ne6 16.Na4 d4
17.Qc4 Qb7 18.Rac1 Ne4 19.Ba5 Rdc8 20.Nd2 Nd6 21.Qf1 dxe3 22.fxe3 Bg5 23.Re1 Re8
24.Kh1 Rac8 25.b3 Qd5 26.Qf3 Qd3 27.Nb2 Qa6 28.Nbc4 Nxc4 29.Nxc4 Rb8 30.Rb1 Bf6
31.Red1 Ng5 32.Qf4 Ne4 33.a4 h6 34.h3 Bg5 35.Qf3 Re6 36.Rd7 Nf6 37.Rd3 Rbe8
38.Bc7 Ne4 39.Rbd1 Bh4 40.Rf1 Rf6 41.Bf4 Ng3+ 42.Bxg3 Rxf3 43.Rxf3 Qg6 44.e4 Bxg3
45.Rxg3 Qxe4 46.Kh2 Qf4 47.Rf3 Qc1 48.Ne3 g6 49.Rf1 Qd2 50.Nc4 Qd4 51.Rgf3 f5
52.R1f2 Qd7 53.Rd2 Qc7+ 54.Kg1 Re4 55.a5 Rd4 56.Re2 Rd1+ 57.Kf2 f4 58.h4 Rd4
59.Rh3 Qd8 60.h5 g5 61.Rh1 Rd1 62.Re8+ Qxe8 63.Rxd1 g4 64.Rd5 g3+ 65.Kf1 Qe4
66.Rd2 Qb1+ 67.Ke2 Qxb3 68.Nd6 Qe3+ 69.Kd1 f3 70.Nf5 Qb3+ 71.Kc1 f2 72.Rd8+ Kf7
73.Nxh6+ Ke7  0-1

[Event "ACT Open"]
[Site "Amsterdam NED"]
[Date "2004.07.21"]
[Round "5"]
[White "Visser,HJ"]
[Black "Bakker,S"]
[Result "0-1"]
[WhiteElo "2243"]
[BlackElo "2213"]

1.d4 Nf6 2.c4 e6 3.Nf3 b6 4.a3 Ba6 5.Qc2 Bb7 6.Nc3 c5 7.e4 cxd4 8.Nxd4 Bc5
9.Nb3 Nc6 10.Bg5 h6 11.Bh4 Nd4 12.Nxd4 Bxd4 13.Bd3 Qb8 14.Bg3 Be5 15.O-O-O O-O
16.Kb1 Rc8 17.Qe2 a6 18.Na4 Bxg3 19.hxg3 Bc6 20.e5 Bxa4 21.exf6 Bxd1 22.Qe4 gxf6
23.Qh7+ Kf8 24.Bg6 fxg6 25.Qxh6+ Ke7 26.Qg7+ Kd8 27.Rxd1 Ra7 28.Qxf6+ Kc7
29.Qe5+ Kb7 30.Qe4+ d5 31.cxd5 Ka8 32.dxe6+ Qb7 33.Qxg6 Qc6 34.f4 Re7 35.Qf5 Rxe6
36.Qd3 Qe4 37.f5 Qxd3+ 38.Rxd3 Re1+ 39.Ka2 Re2 40.g4 Rxg2  0-1

[Event "ACT Open"]
[Site "Amsterdam NED"]
[Date "2004.07.22"]
[Round "6"]
[White "D'Costa,L"]
[Black "Vogel,Ja"]
[Result "1-0"]
[WhiteElo "2354"]
[BlackElo "2282"]

1.d4 e6 2.Nf3 Nf6 3.c4 b6 4.a3 d5 5.cxd5 exd5 6.Nc3 Be7 7.Bg5 O-O 8.e3 h6
9.Bh4 Bb7 10.Be2 Nbd7 11.O-O Re8 12.b4 a6 13.Qb3 c6 14.Rfc1 Bd6 15.Nd2 Qb8
16.Nf1 Qa7 17.Bf3 Bf8 18.Rab1 Re6 19.Nd2 Bd6 20.Bg3 Bxg3 21.hxg3 a5 22.b5 c5
23.Nxd5 Bxd5 24.Bxd5 Nxd5 25.Qxd5 Nf6 26.Qc4 cxd4 27.Qxd4 Qe7 28.Nc4 Rd8
29.Qf4 Nd5 30.Qf3 Rf6 31.Qe2 Qe4 32.Rd1 Rc8 33.Rbc1 Ne7 34.Qd3 Qg4 35.Ne5 Qe6
36.Rxc8+ Qxc8 37.Qd8+ Qxd8 38.Rxd8+ Kh7 39.Nd7  1-0

[Event "ACT Open"]
[Site "Amsterdam NED"]
[Date "2004.07.23"]
[Round "7"]
[White "Visser,HJ"]
[Black "Burg,T"]
[Result "0-1"]
[WhiteElo "2243"]
[BlackElo "2062"]

1.d4 Nf6 2.c4 e6 3.Nf3 b6 4.a3 Ba6 5.Qc2 Bb7 6.Nc3 c5 7.e4 cxd4 8.Nxd4 Bc5
9.Nb3 Nc6 10.Bf4 e5 11.Bg5 Nd4 12.Nxd4 Bxd4 13.Nb5 Bc5 14.Bxf6 gxf6 15.Rd1 a6
16.Nd6+ Bxd6 17.Rxd6 Rc8 18.b4 Rc6 19.Rd2 Qc7 20.Qd1 Ke7 21.Bd3 b5 22.c5 Rd8
23.a4 bxa4 24.Bc4 a5 25.Qh5 Rf8 26.O-O axb4 27.Bb5 Rd8 28.Bxa4 Rxc5 29.Bb3 d5
30.Rfd1 Rc3 31.Bxd5 Bxd5 32.exd5 Rd6 33.Qxh7 b3 34.Qb1 Qc4 35.g3 Rc2 36.Kg2 Qe4+
37.Kg1 Rxd2  0-1

[Event "Skanska Open"]
[Site "Pardubice CZE"]
[Date "2004.07.23"]
[Round "1"]
[White "Jankovic,A"]
[Black "Kragelj,I"]
[Result "1-0"]
[WhiteElo "2444"]
[BlackElo "2247"]

1.d4 Nf6 2.Nf3 e6 3.c4 b6 4.a3 Bb7 5.Nc3 d5 6.cxd5 Nxd5 7.Qc2 Nxc3 8.bxc3 Be7
9.e4 O-O 10.Bd3 c5 11.O-O Qc8 12.Qe2 Ba6 13.Rd1 Bxd3 14.Rxd3 Nd7 15.e5 Qc6
16.Bg5 Rfe8 17.Rad1 c4 18.Re3 Bxa3 19.Nd2 b5 20.Rh3 f6 21.exf6 gxf6 22.Bh6 Kh8
23.Re1 Re7 24.Rg3 Bd6 25.f4 Rg8 26.Rxg8+ Kxg8 27.Qg4+ Kh8 28.Rxe6 Rf7 29.Qh5  1-0

[Event "ACT Open"]
[Site "Amsterdam NED"]
[Date "2004.07.24"]
[Round "8"]
[White "Krasenkow,M"]
[Black "Mchedlishvili,M"]
[Result "1-0"]
[WhiteElo "2632"]
[BlackElo "2518"]

1.d4 Nf6 2.c4 e6 3.Nf3 b6 4.a3 Ba6 5.Qc2 Bb7 6.Nc3 c5 7.e4 cxd4 8.Nxd4 Nc6
9.Nxc6 Bxc6 10.Bf4 Nh5 11.Be3 Bc5 12.Qe2 g6 13.g4 Nf6 14.Rg1 e5 15.O-O-O Qe7
16.Bh6 O-O-O 17.Rg3 Kb8 18.b4 Bd4 19.Nd5 Bxd5 20.exd5 Rhe8 21.Bg5 h6 22.Bxh6 Rc8
23.Kb1 Ng8 24.Be3 Bxe3 25.d6 Qe6 26.Rxe3 e4 27.g5 f5 28.f4 exf3 29.Rxe6 fxe2
30.Rxe2  1-0

[Event "MTO"]
[Site "Biel SUI"]
[Date "2004.07.25"]
[Round "6"]
[White "Pluemer,D"]
[Black "Wells,P"]
[Result "0-1"]
[WhiteElo "2260"]
[BlackElo "2494"]

1.d4 Nf6 2.c4 e6 3.Nf3 b6 4.a3 Bb7 5.Nc3 d5 6.cxd5 Nxd5 7.Qc2 Nxc3 8.bxc3 Be7
9.e4 O-O 10.Bd3 c5 11.Bb2 Qc7 12.Qe2 Nd7 13.O-O c4 14.Bc2 b5 15.e5 a5 16.Nd2 Nb6
17.Ne4 Nd5 18.Bc1 b4 19.Qh5 g6 20.Qh6 b3 21.Bb1 f5 22.exf6 Bxf6 23.Nxf6+ Rxf6
24.Bg5 Rf7 25.Bd2 e5 26.Qh4 Nf4 27.dxe5 Qxe5 28.Bxf4 Rxf4 29.Qg3 Raf8  0-1

[Event "Politiken Cup"]
[Site "Copenhagen DEN"]
[Date "2004.07.25"]
[Round "3"]
[White "Hjelm,N"]
[Black "Schmied,A"]
[Result "1-0"]
[WhiteElo "2339"]
[BlackElo "2106"]

1.d4 Nf6 2.Nf3 e6 3.c4 b6 4.a3 Bb7 5.Nc3 d5 6.Bf4 dxc4 7.e3 Be7 8.Bxc4 O-O
9.O-O c5 10.Qe2 Bxf3 11.Qxf3 Nbd7 12.Ba6  1-0

[Event "Open"]
[Site "Balatonlelle HUN"]
[Date "2004.07.26"]
[Round "8"]
[White "Papp,Ge"]
[Black "Jedynak,R"]
[Result "0-1"]
[WhiteElo "2381"]
[BlackElo "2412"]

1.d4 e6 2.c4 Nf6 3.Nf3 b6 4.a3 Ba6 5.Qc2 Bb7 6.Nc3 c5 7.e4 cxd4 8.Nxd4 Nc6
9.Nxc6 Bxc6 10.Bf4 Bc5 11.Rd1 a5 12.Bd3 Qe7 13.O-O e5 14.Bc1 O-O 15.Qe2 Ne8
16.Qh5 g6 17.Qh6 Ng7 18.Nd5 Bxd5 19.exd5 e4 20.Rfe1 Qf6 21.Rxe4 Qxf2+ 22.Kh1 Rae8
23.Rf4 Re1+ 24.Rxe1 Qxe1+ 25.Rf1 Qe5 26.Qf4 Qxf4 27.Bxf4 f5 28.Bd2 Bd4 29.b4 axb4
30.Bxb4 Ra8 31.g3 Bc5 32.Kg2 Ne8 33.Kf3 Nd6 34.Kf4 Re8 35.Rb1 Kf7 36.h4 h6
37.Rb2 g5+ 38.hxg5 hxg5+ 39.Kf3 Re3+  0-1

[Event "IM"]
[Site "Balatonlelle HUN"]
[Date "2004.07.26"]
[Round "8"]
[White "Berczes,D"]
[Black "Titz,Hei"]
[Result "0-1"]
[WhiteElo "2351"]
[BlackElo "2217"]

1.d4 Nf6 2.c4 e6 3.Nf3 b6 4.a3 c5 5.d5 Ba6 6.Qc2 exd5 7.cxd5 g6 8.Nc3 Bg7
9.e4 Bxf1 10.Kxf1 d6 11.g3 O-O 12.Kg2 Nbd7 13.h3 a6 14.a4 Qe7 15.Re1 Ne8
16.Bg5 Bf6 17.Bh6 Bg7 18.Bxg7 Kxg7 19.Nd2 f6 20.f4 Nc7 21.Rab1 b5 22.axb5 axb5
23.b4 cxb4 24.Rxb4 Rac8 25.Nf3 Nc5 26.Rbb1 N5a6 27.Nd4 b4 28.Nc6 Qf7 29.Nxb4 Nb5
30.Nc6 Na3 31.Qe2 Nxb1 32.Rxb1 Nc5 33.Nb5 Qd7 34.Qc4 Rfe8 35.Re1 Nb7 36.Qd4 Nd8
37.Nba7 Rc7 38.e5 dxe5 39.fxe5 Nxc6 40.exf6+ Kf7 41.Qh4 Qxd5+  0-1

[Event "MTO"]
[Site "Biel SUI"]
[Date "2004.07.26"]
[Round "7"]
[White "Bauer,Ch"]
[Black "Shariyazdanov,A"]
[Result "1/2-1/2"]
[WhiteElo "2590"]
[BlackElo "2572"]

1.d4 Nf6 2.c4 e6 3.Nf3 b6 4.a3 Ba6 5.Qc2 Bb7 6.Nc3 c5 7.e4 cxd4 8.Nxd4 d6
9.Be2 Be7 10.O-O a6 11.Be3 Qc7 12.Rac1 Nbd7 13.Rfd1 O-O 14.f3 Rfc8 15.Qd2 Bf8
16.Bf1 Rab8 17.b4 Qd8 18.Nb3 Ne5 19.Na4 Bc6 20.Nb2 Qe8 21.Bd4 Ned7 22.Kh1 Ba8
23.Nd3 e5  1/2-1/2

[Event "7th Open"]
[Site "Korinthos GRE"]
[Date "2004.07.26"]
[Round "6"]
[White "Banikas,H"]
[Black "Parligras,M"]
[Result "1/2-1/2"]
[WhiteElo "2519"]
[BlackElo "2564"]

1.d4 Nf6 2.c4 e6 3.Nf3 b6 4.a3 Bb7 5.Nc3 d5 6.cxd5 Nxd5 7.Qc2 Nxc3 8.bxc3 c5
9.e4 Nd7 10.Bf4 cxd4 11.cxd4 Rc8 12.Qb3 Be7 13.Bd3 Nf6 14.Qb5+ Bc6 15.Qb1 O-O
16.O-O Nh5 17.Bd2 Ba4 18.Re1 Rc7 19.Qb2 Qc8 20.Rac1 Nf6 21.Bb4 Rxc1 22.Rxc1 Qb7
23.Bxe7 Qxe7 24.Qb4 Qxb4 25.axb4 Bd7 26.b5 Rc8 27.Rxc8+ Bxc8 28.Ne5 Bb7 29.f4 Kf8
30.Nc4 Ke7 31.e5 Ne8 32.Kf2 Bc8 33.Ne3 Nc7 34.Nd1 a6 35.bxa6  1/2-1/2

[Event "Skanska Open"]
[Site "Pardubice CZE"]
[Date "2004.07.26"]
[Round "4"]
[White "Grigoriants,S UZB"]
[Black "Cvek,R"]
[Result "1/2-1/2"]
[WhiteElo "2250"]
[BlackElo "2461"]

1.d4 Nf6 2.c4 e6 3.Nf3 b6 4.a3 Ba6 5.Qc2 Bb7 6.Nc3 c5 7.e4 cxd4 8.Nxd4 Bc5
9.Nb3 Nc6 10.Bf4 e5 11.Bg5 h6 12.Bh4 a5 13.f3 d6 14.Rd1 a4 15.Nxa4 Bxa3 16.bxa3 Rxa4
17.Nd4 Nxd4 18.Qxa4+ Bc6 19.Qa7 Nc2+ 20.Kd2  1/2-1/2

[Event "7th Open"]
[Site "Korinthos GRE"]
[Date "2004.07.28"]
[Round "8"]
[White "Svetushkin,D"]
[Black "Nikolaidis,I"]
[Result "0-1"]
[WhiteElo "2546"]
[BlackElo "2516"]

1.d4 e6 2.Nf3 Nf6 3.c4 b6 4.a3 c5 5.d5 Ba6 6.Qc2 exd5 7.cxd5 g6 8.Nc3 d6
9.g3 Bg7 10.Bg2 O-O 11.O-O Nbd7 12.Qa4 Bb7 13.Qh4 Ne8 14.Bg5 f6 15.Bh6 Bxh6
16.Qxh6 Qe7 17.e4 Ne5 18.Nd2 Ba6 19.Rfd1 g5 20.f4 Ng4 21.Qh3 Bc8 22.f5 Ne3
23.Rdc1 Qe5 24.g4 Nxg4 25.Qxg4 Qd4+ 26.Kh1 Qxd2 27.b4 Rf7 28.Ne2 Ba6 29.Ng3 Qd4
30.h4 Qe5 31.Bf3 h6 32.Ra2 cxb4 33.axb4 Rc8 34.Rg1 Bd3 35.Rh2 Rc2 36.Rh3 Ng7
37.hxg5 hxg5 38.Rh6 Rfc7 39.Rg6 Rf2 40.Rg2 Rc1+ 41.Kh2 Rcc2 42.Kh3 Rxg2 43.Bxg2 Rc3
44.Bf3 Kf8 45.Rh6 Bb5 46.Rh8+ Kf7 47.Ra8 Rc7 48.Ne2 Qb2 49.Ng3 Rc2 50.Rxa7+ Kg8
51.Ra8+ Kh7 52.Nh1 Bf1+  0-1